00659nam a22001457a 4500003000600000005001700006008004100023040000800064082002200072100001900094245024700113260004300360300003100403650007900434GBCCL20241126110641.0181123b ||||| |||| 00| 0 eng d cGBC aARC GBC-2016bVUN aVunggoulian, K aAn Analytical Study on the Biblical Roles of Pastors and Deacons With The Actual Roles Played By The Pastors and Deacons Under Evangelical Baptist Convention With Suggestions To Help Them For The Overall Growth of the Church |cK. Vunggoulian aNew Lamka:bGrace Bible College,c2016 aviii + 65 p.;c21 x 29 cm. aMinistryvRole of PastorsvRole of DeaconsxEvangelical Baptist Convention